[Event "FRA-chT Top 12 2019"]
[Site "Brest"]
[Date "2019.05.20"]
[Round "3.6"]
[White "Degraeve, Jean-Marc"]
[Black "Genzling, Alain"]
[Result "1/2-1/2"]
[WhiteElo "2546"]
[BlackElo "2376"]
[Annotator "TA"]
[PlyCount "129"]
[EventDate "2019.05.18"]
[EventType "team-tourn"]
[EventCountry "FRA"]
[SourceTitle "playchess.com"]
[Source "ChessBase"]
[SourceQuality "1"]

{[%evp 11,129,1,12,16,17,18,15,2,18,20,16,0,0,18,0,0,10,0,0,-25,-27,-26,-25,-43,-37,-45,-43,-50,-37,-37,-37,-57,0,-341,-50,-29,-32,-44,-53,-48,53,58,70,0,0,0,440,432,1176,1147,1007,994,794,374,296,0,477,473,491,491,5064,5057,5065,4110,5179,1938,1080,46,481,46,46,46,46,46,46,46,46,46,46,46,46,46,132,46,46,46,46,31,31,31,31,0,0,0,0,0,0,0,0,0,0,0,0,0,0,0,0,0,0,0,0,0,0,0,0,8,8,0,26,0]} 1. e4 c5 2. Nc3 Nc6 3. Bb5 Nd4 4. Bc4 e6 5. Nf3 Nf6 6. O-O a6 7. d3 {B30: Sicilian: 2...Nc6 3 Bb5, lines without ...g6} b5 8. Bb3 $1 Nxb3 9. axb3 {The position is equal.} Bb7 10. e5 b4 11. exf6 bxc3 12. fxg7 Bxg7 13. bxc3 Bxc3 14. Ra4 Rg8 {[#]} 15. Bf4 $146 (15. Rf4 {seems wilder.} Bf6 16. Re1 Rg6 17. g3 Qc7 18. h4) 15... Qf6 16. Bg3 Bxf3 $1 17. gxf3 h5 18. h4 d5 19. Qe2 {[#]} Bd4 $1 {[%mdl 512] ( -> ...Rxg3+)} 20. Kh2 a5 21. c4 Kd7 ({Black should play} 21... Qf5 $15) 22. Qa2 $2 {[%mdl 8192]} (22. cxd5 $11 {and White is okay.} exd5 23. Rc1) 22... Be5 $2 (22... Qxf3 $19 23. Rg1 Rxg3 $1 {[%mdl 512]} 24. Rxg3 Be5 $1 {[%mdl 576] Pin}) 23. cxd5 $15 Qxf3 {[%cal Re5g3]} 24. dxe6+ fxe6 {[%cal Re5g3]} 25. Rg1 Bxg3+ (25... Bd6 $15 26. Re4 Rxg3 27. fxg3 Rg8 28. Qa4+ Ke7) 26. fxg3 $14 {Threatens to win with d4.} Qxd3 27. Rxa5 (27. Rc4 $14) 27... Rxa5 $11 28. Qxa5 Qxb3 $2 {[%mdl 8192]} (28... Qd5 $1 $11 {and Black stays safe.}) 29. Qxc5 $15 {[%mdl 4096] Endgame KQR-KQR} Qd5 (29... Rg4 $142 30. Qxh5 Qf3) 30. Qa7+ $18 Kd6 31. Qa3+ Kd7 32. Qa4+ (32. Rf1 $142 e5 33. Qa7+ Ke8 34. Qa4+ Ke7 35. Rd1) 32... Ke7 33. Qa7+ $2 (33. Rf1 Rc8 34. Qa7+ Kd6 35. Qb6+ Ke7 36. Rf2) 33... Kd6 $1 {intending ...Ra8.} 34. Rg2 Ra8 35. Qb6+ $1 Kd7 (35... Ke7 $142 36. Qb2 Kf7) 36. Qb2 $1 (36. Rc2 Ra2 $11) 36... Ke7 37. Rd2 Qf3 38. Qg7+ (38. Qd4 $142 Qf6 39. Qc5+ {[%mdl 64] Double Attack} Kf7 40. Rf2) 38... Ke8 39. Qd7+ (39. Qh8+ $142 Ke7 40. Qd4) 39... Kf8 {[#]} 40. Qxe6 $2 ({White must play} 40. Qh7 $1 $18) 40... Re8 $14 41. Qh6+ Kg8 42. Qg6+ {[%mdl 64] Double Attack} Kf8 43. Qc2 Qg4 $1 44. Rf2+ Kg7 $1 45. Qb2+ Kg8 46. Qb5 Rf8 {[#]} (46... Re7 $1 $14) 47. Qd5+ (47. Rc2 $1 $16) 47... Kg7 48. Qe5+ Kg8 49. Rxf8+ ({Weaker is} 49. Qd5+ Kg7 $18) (49. Re2 {feels hotter.} Qf3 50. Qb5 Kg7 51. Qg5+ Kh7 52. Qd2) 49... Kxf8 {KQ-KQ} 50. Qf4+ (50. Kg1 {looks sharper.} Kf7 51. Kg2 Kg6 52. Qd6+ Kf5 53. Qf8+) 50... Kg7 51. Qxg4+ (51. Qc7+ {keeps more tension.} Kg6 52. Qb6+ Kf7 53. Qb7+ Kf8 54. Qb8+) 51... hxg4 {KPP-KP} 52. Kg2 Kg6 53. Kf2 {White wants to mate with Ke3.} Kf6 54. Ke2 {White threatens Kd3 and mate.} Ke6 $1 55. Kd2 {Strongly threatening Kc3.} Kd6 56. Kc2 $1 Ke6 $1 57. Kb2 $1 {[%cal Rb2c3] aiming for Kc3.} Kd6 $1 58. Ka3 $1 {[%cal Ra3b4]} Ke5 59. Kb3 $1 {[%cal Rb3c3]} Kd5 $1 60. Kb2 {Hoping for Kb3.} Kd6 61. Ka2 {Kb3 is the strong threat.} Ke6 $1 62. Ka3 Ke5 $1 63. Ka4 {Threatening mate with Ka5.} Ke4 $1 64. Kb3 {Kc4 would kill now.} Kd5 $1 (64... Kf3 65. h5 $18) 65. Kb2 {Accuracy: White = 51%, Black = 62%.} 1/2-1/2

[Event "FRA-chT Top 12 2019"]
[Site "Brest"]
[Date "2019.05.20"]
[Round "3.6"]
[White "Riff, Jean-Noel"]
[Black "Brochet, Philippe"]
[Result "1/2-1/2"]
[WhiteElo "2494"]
[BlackElo "2400"]
[Annotator "TA"]
[PlyCount "59"]
[EventDate "2019.05.18"]
[EventType "team-tourn"]
[EventCountry "FRA"]
[SourceTitle "playchess.com"]
[Source "ChessBase"]
[SourceQuality "1"]

{[%evp 15,59,41,23,22,17,10,12,0,0,0,-5,-19,-7,-21,0,0,0,0,0,-5,-12,-12,-8,-28,-22,-30,-26,-26,-25,-29,-20,-40,-20,-55,-25,-53,-60,-58,6,9,6,0,0,-23,-2,-17]} 1. e4 e5 2. Nf3 Nf6 3. d4 Nxe4 4. Bd3 d5 5. Nxe5 Nd7 6. Nxd7 Bxd7 7. O-O Be7 8. c4 Nf6 9. Qb3 {C43: Petroff Defence: 3 d4} (9. Nc3 dxc4 10. Bxc4 O-O 11. Re1 c6 12. h3 Bf5 13. Bf4 Bb4 14. a3 Bxc3 15. bxc3 Nd5 16. Be5 Qd7 17. Qf3 Bg6 18. Bb3 b5 19. a4 a6 20. axb5 axb5 {½-½ (30) Kuzubov,Y (2660)-Rakhmanov,A (2627) Ankara 2018}) 9... Bc6 10. c5 b6 $146 ({Predecessor:} 10... O-O 11. Qc2 a5 12. Bf4 h6 13. Nd2 Bd7 14. Nf3 c6 15. Rfe1 Re8 16. Ne5 Be6 {1-0 (47) Harmon Vellotti,L (2459)-Li,Z (2091) chess.com INT 2018}) 11. cxb6 axb6 12. Qc2 Bd7 13. Nc3 O-O 14. Bf4 h6 15. Rfe1 c5 16. Be5 c4 17. Bf5 Qc8 18. Bxd7 Qxd7 19. Qe2 b5 20. Qf3 Rfd8 21. a3 Ra6 22. h3 Re6 23. Ne2 {[%cal Bc3e2,Be2f4,Bf4d3][%mdl 32]} b4 24. Nf4 Rc6 25. axb4 Bxb4 26. Re2 c3 (26... Ne4 $15 27. Ra4 (27. Nxd5 $2 Ng5 $19) 27... Rb6) 27. bxc3 $11 Rxc3 28. Nd3 Ne4 29. Re3 Be7 30. Bf4 {Accuracy: White = 39%, Black = 60%.} 1/2-1/2

[Event "FRA-chT Top 12 2019"]
[Site "Brest"]
[Date "2019.05.20"]
[Round "3.6"]
[White "Milliet, Sophie"]
[Black "Relange, Eloi"]
[Result "1-0"]
[WhiteElo "2400"]
[BlackElo "2456"]
[Annotator "RC"]
[PlyCount "67"]
[EventDate "2019.05.18"]
[EventType "team-tourn"]
[EventCountry "FRA"]
[SourceTitle "playchess.com"]
[Source "ChessBase"]
[SourceQuality "1"]
[TimeControl "40/5400+30:1800+30"]

1. e4 {[%emt 0:00:00]} d6 {[%emt 0:00:17]} 2. d4 {[%emt 0:00:00]} Nf6 {[%emt 0:00:13]} 3. Nc3 {[%emt 0:00:00]} e5 {[%emt 0:00:10]} 4. Nf3 {[%emt 0:00:00]} Nbd7 {[%emt 0:00:14]} 5. Bc4 {[%emt 0:00:06]} Be7 {[%emt 0:00:11]} 6. O-O {[%emt 0:01:39]} O-O {[%emt 0:00:18]} 7. a4 {[%emt 0:06:04]} c6 {[%emt 0:00:53]} 8. h3 {[%emt 0:01:23]} b6 {[%emt 0:18:51]} 9. Qe2 {[%emt 0:01:37]} Bb7 {[%emt 0:09:37]} 10. Rd1 {[%emt 0:02:10]} Qc7 {[%emt 0:00:51]} 11. Ba2 {[%emt 0:03:01]} a6 {[%emt 0:05:50]} 12. Nh4 {[%emt 0:07:14]} g6 {[%emt 0:12:54]} 13. Bh6 {[%emt 0:11:19]} Rfc8 {[%emt 0:09:56]} 14. dxe5 {[%emt 0:02:00]} Nxe5 {[%emt 0:00:11]} 15. f4 {[%emt 0:00:16]} Ned7 {[%emt 0:00:14]} 16. Nf3 {[%emt 0:02:43]} Re8 {[%emt 0:02:02]} 17. e5 {[%emt 0:07:06]} Nd5 {[%emt 0:06:10]} 18. e6 {[%emt 0:18:46]} Bf8 {[%emt 0:01:01]} 19. exf7+ {[%emt 0:07:57]} Kxf7 {[%emt 0:00:21]} 20. Ng5+ {[%emt 0:00:25]} Kg8 {[%emt 0:00:10]} 21. Nxd5 {[%emt 0:01:20]} cxd5 {[%emt 0:01:02]} 22. Rxd5 {[%emt 0:01:13]} Bxd5 {[%emt 0:15:31]} 23. Bxd5+ {[%emt 0:00:03]} Kh8 {[%emt 0:00:07]} 24. Nf7+ {[%emt 0:00:10]} Kg8 {[%emt 0:00:06]} 25. Ng5+ {[%emt 0:00:03]} Kh8 {[%emt 0:00:04]} 26. Nf7+ {[%emt 0:02:51]} Kg8 {[%emt 0:00:05]} 27. Nxd6+ {[%emt 0:02:03]} Kh8 {[%emt 0:00:05]} 28. Nf7+ {[%emt 0:00:29]} Kg8 {[%emt 0:00:05]} 29. Nd6+ {[%emt 0:01:11]} Kh8 {[%emt 0:00:05]} 30. Nxe8 {[%emt 0:00:21]} Qc5+ {[%emt 0:00:26]} 31. Kh1 {[%emt 0:00:13]} Qxd5 {[%emt 0:00:19]} 32. Bxf8 {[%emt 0:01:22]} Qf7 {[%emt 0:00:08]} 33. Bg7+ {[%emt 0:00:24]} Kg8 {[%emt 0:00:04]} 34. Re1 {[%emt 0:00:33]} 1-0

[Event "FRA-chT Top 12 2019"]
[Site "Brest"]
[Date "2019.05.20"]
[Round "3.6"]
[White "Charmeteau, Sven"]
[Black "Nezar, Mustapha"]
[Result "1/2-1/2"]
[WhiteElo "2292"]
[BlackElo "2339"]
[Annotator "TA"]
[PlyCount "66"]
[EventDate "2019.05.18"]
[EventType "team-tourn"]
[EventCountry "FRA"]
[SourceTitle "playchess.com"]
[Source "ChessBase"]
[SourceQuality "1"]

{[%evp 15,66,18,30,37,36,33,40,35,44,37,49,11,30,35,31,25,33,-19,2,14,5,0,0,0,0,0,0,0,10,12,18,2,20,14,67,63,67,61,96,44,36,4,83,6,8,-22,4,0,56,4,0,5,0]} 1. e4 c5 2. Nf3 e6 3. d4 cxd4 4. Nxd4 a6 5. Bd3 Nc6 6. Nxc6 dxc6 7. O-O e5 8. a4 Nf6 9. Nd2 {B42: Sicilian: Kan Variation: 5 Bd3} Bc5 10. Nc4 (10. Qf3 O-O 11. Nc4 Re8 12. a5 Qe7 13. Bg5 h6 14. Bd2 Bg4 15. Qg3 Rad8 16. Rae1 Kh8 {½-½ (68) Kovalenko,I (2626)-Laurusas,T (2428) Tallinn 2018}) 10... Qe7 11. Bg5 {White is slightly better.} h6 12. Bh4 O-O $146 ({Predecessor:} 12... g5 13. Bg3 Bg4 14. Qd2 Nd7 15. h3 Bh5 16. c3 a5 {1-0 (28) Voitsekhovsky,S (2480)-Przybylski,H (2235) Berlin 1997}) 13. Kh1 Qe6 14. Qe2 b5 15. Ne3 Rb8 16. Bg3 (16. axb5 $14 cxb5 17. Rfd1) 16... Bxe3 17. Qxe3 Nh5 18. Qc5 Nxg3+ 19. hxg3 Rd8 20. Rfd1 Qd6 21. Qc3 $36 {[%mdl 2048] White is more active.} Bb7 22. Be2 Qe7 23. Qa5 Rbc8 24. Bg4 Rc7 (24... Rb8 $11) 25. Rxd8+ $14 Qxd8 26. c4 bxc4 27. Qxe5 ({Better is} 27. Rd1 $16 Qe7 28. Be2) 27... Re7 28. Qf4 (28. Qf5 {seems wilder.} c5 29. Rd1 Qc7 30. e5 Bc6 31. Rd6) 28... Qe8 (28... Bc8 $1 $11 {remains equal.}) 29. Bf3 (29. Rd1 $16) 29... c5 $11 {[%cal Rb7e4]} 30. Re1 Re5 31. Kg1 Qe6 ({Black should try} 31... f6 $11) 32. g4 (32. Bg4 $14 Qe7 33. f3) 32... Bc6 33. a5 Qe7 {Accuracy: White = 42%, Black = 41%.} 1/2-1/2

[Event "FRA-chT Top 12 2019"]
[Site "Brest"]
[Date "2019.05.20"]
[Round "3.6"]
[White "Leconte, Maria"]
[Black "Edouard, Romain"]
[Result "0-1"]
[WhiteElo "2246"]
[BlackElo "2642"]
[Annotator "TA"]
[PlyCount "78"]
[EventDate "2019.05.18"]
[EventType "team-tourn"]
[EventCountry "FRA"]
[SourceTitle "playchess.com"]
[Source "ChessBase"]
[SourceQuality "1"]

{[%evp 27,78,0,0,0,23,2,6,8,30,-10,-17,-18,-11,-33,-33,-70,-48,-42,-29,-59,-54,-54,-80,-54,0,0,6,0,0,0,0,-11,-2,-45,-72,-90,0,-74,-52,-65,-42,-69,0,0,0,-20,-29,-32,-30,-237,-237,-1526,-1498]} 1. e4 c5 2. Nf3 d6 3. d4 cxd4 4. Nxd4 Nf6 5. Nc3 Nc6 6. Bc4 Qb6 7. Nb3 e6 8. Be3 Qc7 9. Be2 a6 10. a4 b6 11. O-O Bb7 12. f4 Be7 13. Bf3 O-O 14. Qe2 Nd7 15. Rad1 {B85: Sicilian Scheveningen: 6 Be2 a6, lines with early Be3} Nc5 (15... Rfd8 16. Qf2 Bf6 17. Rd2 Nc5 18. Rfd1 Bxc3 19. bxc3 Nxa4 20. c4 Nc5 21. Qg3 Ne7 22. Bd4 g6 23. Qg5 e5 24. fxe5 Ne6 25. exd6 Rxd6 26. Qe5 Nxd4 27. Rxd4 Rd7 {½-½ (26) Alekseev,E (2682)-Yakovich,Y (2523) St Petersburg 2014}) 16. Qf2 Rab8 17. Nd4 $146 {The position is equal.} ({Predecessor:} 17. Rd2 Ba8 18. Nd4 Bf6 19. Rfd1 Rfd8 20. Nde2 Be7 21. g4 b5 22. axb5 axb5 {1-0 (40) Zinn,L-Heinig,W Potsdam 1974}) 17... Bf6 18. Qg3 {Black should prevent Nxc6.} Nxd4 19. Bxd4 e5 20. Be3 Bc6 21. Ra1 exf4 22. Bxf4 Be5 23. Nd5 Bxd5 24. Bxe5 dxe5 25. exd5 f5 (25... a5 $15) 26. b4 $36 {[%mdl 2048] White has good play.} Nb7 27. Be2 a5 28. Bd3 Qc3 29. bxa5 ({Not} 29. Bxf5 $2 Qd4+ 30. Qf2 Rxf5 $19) 29... bxa5 30. Rab1 Nd6 31. Kh1 Rbe8 (31... Rxb1 $17 32. Rxb1 Rc8) 32. Rb3 (32. Qe1 $11 Rc8 33. Qxc3 Rxc3 34. Rb6) 32... Qc5 33. c4 e4 (33... f4 $5 {[%cal Rf4g3]} 34. Qh4 (34. Qf2 Qxf2 35. Rxf2 e4 $15) 34... e4 $15) 34. Be2 Rb8 (34... e3 $15) 35. Rxb8 Rxb8 36. Qe5 Re8 37. Qc3 e3 38. Rf3 $2 {[#]} (38. Qb2 $11 {and White has nothing to worry.}) 38... Ne4 $1 $19 {[%cal Re4c3]} 39. Qxe3 $2 {[#]} (39. Qe1) 39... Ng3+ $1 {[%mdl 512] Accuracy: White = 29%, Black = 63%.} 0-1

[Event "FRA-chT Top 12 2019"]
[Site "Brest"]
[Date "2019.05.20"]
[Round "3.7"]
[White "Sebag, Marie"]
[Black "Van Hoolandt, Patrick"]
[Result "1/2-1/2"]
[WhiteElo "2476"]
[BlackElo "2127"]
[Annotator "TA"]
[PlyCount "78"]
[EventDate "2019.05.18"]
[EventType "team-tourn"]
[EventCountry "FRA"]
[SourceTitle "playchess.com"]
[Source "ChessBase"]
[SourceQuality "1"]

{[%evp 11,78,2,3,0,7,7,13,13,17,14,16,6,16,17,15,-34,-9,-45,0,-31,0,0,0,-18,2,12,9,21,21,0,0,0,0,0,0,0,16,6,42,0,14,7,21,21,20,20,21,0,22,0,7,4,48,58,49,62,67,0,8,14,5,0,0,-10,-8,-12,-1,-22,-27]} 1. e4 e5 2. Nf3 Nc6 3. Bb5 Nf6 4. d3 Bc5 5. O-O Nd4 6. Nxd4 Bxd4 7. c3 {C65: Ruy Lopez: Berlin Defence (3...Nf6), unusual lines and 4 0-0 Bc5} Bb6 8. Na3 {[%cal Bb1a3,Ba3c4,Bc4e3][%mdl 32]} (8. Ba4 O-O 9. Bg5 h6 10. Bh4 d6 11. Nd2 g5 12. Bg3 Bg4 13. Qe1 Nh5 14. Bd1 Bxd1 15. Qxd1 Nxg3 16. hxg3 {½-½ (47) Caruana,F (2828)-Robson,R (2667) chess.com INT 2019}) 8... c6 9. Ba4 d6 10. Bb3 Bg4 11. Qe1 O-O 12. Nc4 Bc7 13. Ne3 $146 ({Predecessor:} 13. f4 exf4 14. Bxf4 d5 {1-0 (29) Cornette,D (2369)-Blagojevic,T (2312) Reykjavik 2015}) 13... Be6 14. Qe2 Qd7 15. Nc4 d5 16. exd5 Bxd5 17. Nxe5 Bxe5 18. Qxe5 Bxb3 19. axb3 Qxd3 20. Be3 Rfe8 21. Qg3 a6 22. Rad1 Qc2 23. Bd4 {[#] Bxf6 is the strong threat.} Nh5 (23... Re6 {is more complex.} 24. Bxf6 Rxf6 25. Qc7 h6 26. Qxb7 Re8) 24. Qf3 Qg6 25. Bb6 Nf6 26. Rd6 Qg5 27. Bd4 {[%cal Rd4f6]} Ne4 {[#]} 28. Rd7 $1 {[%mdl 576] Double Attack} Qg6 $1 {Threatens to win with ...Nd2!} 29. Be3 b5 30. b4 Qe6 $132 {[%mdl 2048] Black is not keeping still} 31. Rfd1 h6 32. h3 a5 33. bxa5 Rxa5 34. Rd8 (34. Rc7 $1 $14) 34... Ra8 {The position is equal.} 35. Rxa8 Rxa8 36. Rd4 Nf6 37. Qd1 Nd5 38. Rd3 Re8 39. b3 Qe4 {Accuracy: White = 41%, Black = 49%.} 1/2-1/2

[Event "FRA-chT Top 12 2019"]
[Site "Brest"]
[Date "2019.05.20"]
[Round "3.7"]
[White "Terrieux, Kevin"]
[Black "Flear, Glenn C"]
[Result "1/2-1/2"]
[WhiteElo "2455"]
[BlackElo "2445"]
[Annotator "TA"]
[PlyCount "44"]
[EventDate "2019.05.18"]
[EventType "team-tourn"]
[EventCountry "FRA"]
[SourceTitle "playchess.com"]
[Source "ChessBase"]
[SourceQuality "1"]

{[%evp 23,44,20,17,7,7,4,5,7,7,0,0,0,0,0,0,0,0,0,0,-137,0,0,0]} 1. e4 e5 2. Nf3 Nc6 3. Bb5 a6 4. Ba4 Nf6 5. O-O Be7 6. Re1 b5 7. Bb3 d6 8. c3 O-O 9. d4 Bg4 10. Be3 exd4 11. cxd4 d5 12. e5 Ne4 13. h3 {C91: Closed Ruy Lopez: 7...d6 8 c3 0-0 9 d4} Bh5 14. Nbd2 Nxd2 (14... a5 15. a4 bxa4 16. Bxa4 Nb4 17. Nf1 c5 18. dxc5 Bxc5 19. Bxc5 Nxc5 20. Ng3 Bg6 {½-½ (52) Maghsoodloo,P (2649)-Ding,L (2804) Batumi 2018}) 15. Qxd2 ({Reject} 15. Bxd2 Nxd4 16. g4 Nxb3 $17) 15... Bxf3 16. Qc3 Qe8 {[#] And now ...Bb4 would win.} 17. Rec1 $146 ({Predecessor:} 17. Rac1 Bb4 18. Qxc6 Qxc6 19. Rxc6 Bxe1 20. gxf3 Rfd8 21. Rxc7 {0-1 (75) Quesada Perez,Y (2552)-Gonzalez Vidal,Y (2558) Havana 2018}) 17... Nd8 $1 18. gxf3 c6 19. a4 {aiming for axb5.} b4 20. Qd3 f5 21. Kh2 {[#]} (21. f4 $11) 21... a5 (21... f4 $1 $17 {[%cal Rf4e3]} 22. Bd2 a5) 22. f4 $1 $11 Kh8 1/2-1/2

[Event "FRA-chT Top 12 2019"]
[Site "Brest"]
[Date "2019.05.20"]
[Round "3.7"]
[White "Marcelin, Cyril"]
[Black "Sokolov, Andrei"]
[Result "1/2-1/2"]
[WhiteElo "2451"]
[BlackElo "2496"]
[Annotator "TA"]
[PlyCount "97"]
[EventDate "2019.05.18"]
[EventType "team-tourn"]
[EventCountry "FRA"]
[SourceTitle "playchess.com"]
[Source "ChessBase"]
[SourceQuality "1"]

{[%evp 22,97,0,0,7,-5,12,0,0,9,6,0,0,-8,14,15,28,33,48,29,53,57,72,67,63,34,28,28,52,30,43,24,41,20,23,29,35,35,43,45,48,39,51,48,71,0,62,11,36,0,0,0,0,0,0,0,0,0,0,0,0,0,18,18,18,18,18,18,26,25,18,20,110,110,110,110,110,63]} 1. Nf3 Nf6 2. c4 e6 3. g3 d5 4. Bg2 dxc4 5. Qa4+ Nbd7 6. Qxc4 c5 7. Qb3 Rb8 8. d3 Bd6 9. a4 b6 10. Na3 a6 11. Nc4 Bc7 12. Bd2 O-O {A13: English Opening: 1...e6} 13. O-O h6 (13... Bb7 14. Rfc1 Nd5 15. Qd1 Rc8 16. Qe1 a5 17. Bc3 Re8 {½-½ (41) Artemiev,V (2663)-Sjugirov,S (2653) Baku 2016}) 14. Rfc1 Bb7 {The position is equal.} 15. Qa3 a5 $146 ({Predecessor:} 15... Nd5 16. e4 Ne7 17. b4 f5 18. Re1 f4 19. d4 fxg3 20. hxg3 Rxf3 21. Qxf3 cxd4 {1-0 (43) Franciskovic,B (2272)-Sulc,G (1946) Djakovo 2012}) 16. Bc3 Nd5 17. d4 Nxc3 18. bxc3 e5 19. dxe5 Ba6 20. Qa2 Qe7 21. Ne3 Bxe5 22. Nd5 Qe6 23. Nxe5 (23. e4 {is more complex.} Bf6 24. Re1 Bb7 25. Qc2 g5 26. Rad1) 23... Nxe5 24. c4 Qd6 25. Ne3 Rfd8 26. Rd1 Qf6 27. Bd5 Nc6 28. Bxc6 Qxc6 29. Nd5 {[#] And now Ne7+ would win.} Re8 30. Qc2 Bc8 31. Ra3 Bg4 32. Rd2 Rb7 33. Re3 (33. f3 $16 Be6 34. e4) 33... Be6 (33... Rxe3 $11 34. Nxe3 Bd7) 34. Nf4 (34. f3 $14) 34... Rbe7 (34... Rd7 {is interesting.} 35. Rd5 Rd6 36. Rxd6 Qxd6 37. Qb3 Qd2) 35. Nxe6 (35. Qb3 {seems wilder.} Bd7 36. Rxe7 Rxe7 37. Nd5 Re6 38. Ra2) 35... Rxe6 36. Rxe6 Qxe6 $14 {[%mdl 4096] Endgame KQR-KQR} 37. e3 h5 38. h4 g6 39. Rd5 Qf6 40. Kg2 Kg7 41. e4 Qa1 42. f4 Qe1 43. e5 Re6 44. Rd1 $36 {[%mdl 2048] White has the initiative.} Qe3 45. Qd3 Qxd3 46. Rxd3 f5 (46... f6 $1 $11 {keeps the balance.}) 47. Rd7+ $16 {White is better.} Kf8 48. Kf3 Ke8 49. Rd3 {Accuracy: White = 62%, Black = 42%.} 1/2-1/2

[Event "FRA-chT Top 12 2019"]
[Site "Brest"]
[Date "2019.05.20"]
[Round "3.7"]
[White "Guichard, Pauline"]
[Black "Loiseau, Quentin"]
[Result "0-1"]
[WhiteElo "2430"]
[BlackElo "2471"]
[Annotator "TA"]
[PlyCount "138"]
[EventDate "2019.05.18"]
[EventType "team-tourn"]
[EventCountry "FRA"]
[SourceTitle "playchess.com"]
[Source "ChessBase"]
[SourceQuality "1"]

{[%evp 13,146,10,18,-12,-7,-15,-18,-49,-32,-39,-30,-134,-128,-156,-142,-258,-269,-283,-282,-299,-299,-284,-277,-319,-318,-279,-171,-177,-162,-161,-156,-156,-158,-150,-134,-152,-100,-116,-114,-188,-178,-184,-180,-225,-227,-267,-202,-203,-185,-188,-136,-197,-110,-142,-95,-120,-91,-106,-105,-112,-109,-152,-144,-145,-153,-160,-150,-185,-171,-177,-138,-123,-116,-124,-109,-128,-110,-131,-101,-100,-105,-105,-101,-131,-131,-132,-126,-146,-108,-113,-110,-120,-120,-118,-103,-89,-37,-67,-10,-10,-12,-26,-2,-128,-115,-424,-454,-417,-454,-429,-389,-328,-165,-794,-793,-779,-779,-699,-689,-793,-798,-780,-765,-1460,-715,-721,-588,-910,-915,-984,-946,-787,-614,-657,-645]} 1. c4 e6 2. Nf3 Nf6 3. Nc3 d5 4. e3 Be7 5. b3 O-O 6. Bb2 c5 7. cxd5 Nxd5 8. h4 {A13: English Opening: 1...e6} (8. Be2 b6 9. Nxd5 exd5 10. d4 a5 11. dxc5 bxc5 12. O-O Be6 13. Bb5 Qb6 14. Qe2 Nc6 15. Rac1 Rac8 {0-1 (47) Nakamura,H (2746)-Caruana,F (2832) London 2018}) 8... Nc6 9. Qb1 f5 10. e4 $146 {The position is equal.} ({Predecessor:} 10. g4 Nxc3 11. Bxc3 Bf6 12. gxf5 Bxc3 13. dxc3 Qf6 14. Qc2 Nb4 15. Qb2 b6 {1-0 (36) Mieles Palau,D (2334)-Munoz Sanchez,M (2246) Guayaquil 2019}) 10... Nc7 11. Nb5 Ne8 12. e5 (12. h5 $11 {remains equal.}) 12... a6 $17 13. Na3 b5 14. g3 (14. Be2 $17) 14... Bb7 $19 15. Bg2 Nb4 16. O-O Be4 17. Qd1 Nd3 18. Bc1 Qd5 19. Nc2 Nxe5 20. Ne3 Nxf3+ 21. Bxf3 Qb7 ({And not} 21... Bxf3 22. Nxd5 Bxd1 23. Nxe7+ Kf7 24. Rxd1 $11) 22. Bxe4 Qxe4 23. d3 Qc6 $36 {[%mdl 2048] Black is on the roll.} 24. Bb2 Nf6 (24... Bf6 $142 25. Qe2 Bxb2 26. Qxb2 Nf6) 25. Ng2 Bd6 26. Qd2 (26. Rc1 $17) 26... e5 27. Qg5 Nd5 28. Rac1 Qd7 29. Rfe1 Rae8 30. Ba3 Rc8 31. Qh5 Nf6 ({Better is} 31... f4 $19 32. Qf3 e4 $1 {[%mdl 512]} 33. Qxe4 Qf7 34. gxf4 Nxf4 35. Nxf4 Bxf4) 32. Qf3 (32. Qe2 $17) 32... g6 (32... e4 $1 $19 {[%cal Re4f3]} 33. dxe4 fxe4) 33. Ne3 Qf7 34. Re2 Rc7 35. Rec2 {[%cal Ra3c5]} Rfc8 36. Bb2 Qe6 37. Bc3 Bf8 38. Bb2 Rd7 39. Qe2 Rcd8 40. Nf1 Rd5 41. Re1 Rxd3 {Strongly threatening ...e4.} 42. Bxe5 Ng4 43. Bf4 Qxe2 44. Rexe2 Kf7 45. Kg2 Rc8 46. Nd2 Re8 47. Nf3 h6 $1 48. Ne5+ Nxe5 49. Bxe5 Rc8 50. Re1 Rcd8 51. Bf4 Rd1 52. Ree2 Rc8 53. Re3 Rd5 54. Rce2 Rc6 ({Black should play} 54... Rdd8 $17) 55. Re8 $15 c4 (55... Rd4 $15) 56. bxc4 bxc4 {White should prevent ...h5.} 57. Ra8 $1 Rd7 {next ...c3 is good for Black.} 58. h5 (58. Ree8 $1 $11 Bd6 59. Bxh6) 58... gxh5 59. Re5 $2 {[%mdl 8192]} (59. Ree8 $17 {is a better chance.} Bd6 60. Be3) 59... Bd6 $1 $19 {[%cal Rd6e5]} 60. Rxf5+ {[#]} Ke6 $1 {[%cal Re6f5]} 61. Rxh5 Bxf4 62. gxf4 {[%mdl 4096] Endgame KRR-KRR} c3 (62... Kf7 $142 {aiming for ...c3.} 63. Rh8 Kg7) 63. Rxh6+ $2 (63. Rh8 Rdd6 64. R8xh6+ Kd7 65. Rh7+ Kc8 66. Ra7) 63... Kd5 {Black is clearly winning.} 64. Rh1 c2 65. Rc1 Kd4 66. Re8 Kc3 67. Ree1 Rcd6 68. Re2 Rd2 (68... Rg7+ $142 69. Kf3 Rd3+ 70. Re3 {[#]} Kb2 $1 {[%mdl 512]}) 69. Re6 R7d6 {Played: Kc3-b2} 0-1